000 00399nam a2200145Ia 4500
008 230128s9999 xx 000 0 und d
041 _aeng
082 _aPAT PR0430
_bPAT
100 _aPatil Prajakta D - 2K91105
_9118913
245 _aBusiness Valuation for Pre-Scient Tech. Pvt. Ltd.
260 _c2011
_bPune University
_aPune
300 _a45p
502 _cGogate Ranjana
999 _c97211
_d97211